Least Visited Countries - Statistics

General Stats
  • This quiz has been taken 1,378 times
  • The average score is 16 of 25
Answer Stats
No. Continent Tourists Country % Correct
1 Oceania 200 Nauru
87%
3 Oceania 1,200 Tuvalu
85%
4 Oceania 4,700 Kiribati
80%
5 Oceania 5,000 Marshall Islands
80%
19 Oceania 45,000 Tonga
79%
11 Oceania 23,000 Solomon Islands
77%
12 Oceania 26,000 Federated States of Micronesia
75%
2 Africa 500 Somalia
71%
16 Asia 35,000 North Korea
69%
24 Africa 71,000 Chad
68%
17 Asia 37,000 Bhutan
64%
21 Africa 53,000 Djibouti
64%
8 Africa 8,000 Sao Tome and Principe
64%
9 Africa 15,000 Comoros
63%
10 Asia 17,500 Afghanistan
57%
6 Africa 6,000 Equatorial Guinea
56%
14 Africa 30,000 Guinea-Bissau
55%
13 Africa 29,000 Mauritania
52%
18 Asia 40,000 East Timor
51%
7 Asia 7,000 Turkmenistan
51%
15 Africa 34,000 Libya
46%
20 Africa 52,000 Sierra Leone
46%
25 North America 73,000 Dominica
45%
22 Europe 53,000 Liechtenstein
40%
23 Africa 54,000 Central African Republic
35%
No matching quizzes found
Score Distribution
Percent of People with Each Score
Percentile by Number Answered
Your Score History
You have not taken this quiz